| 000 | 00477nam a2200181 a 4500 | ||
|---|---|---|---|
| 005 | 20210223120530.0 | ||
| 008 | 991125s1940 es 000 0 spa u | ||
| 035 | _aUPN01000002946 | ||
| 049 | _aCG | ||
| 050 | 4 |
_aQL88 _aA5.4 |
|
| 245 | 0 | 0 | _aAnimales extinguidos. |
| 260 |
_aMadrid : _bEspasa-Calpe, _c1940. |
||
| 300 | _a94 p., [2] h. de láms. : | ||
| 440 | 0 | _aLibros de la naturaleza | |
| 650 | 4 |
_aANIMALES EXTINTOS _91057 |
|
| 650 | 4 |
_aPALEONTOLOGIA _95271 |
|
| 905 | _aLibro | ||
| 999 |
_c2946 _d2946 |
||